000 nam a22 7a 4500
999 _c336468
_d336468
003 IT-MiCISF
005 20170302163256.0
008 170302b xxu||||| |||| 00| 0 eng d
040 _aIT-MiCISF
_cIT-MiCISF
041 _ait
100 _aSutton Agneta
_956226
210 _aMedicina e morale
222 _a00257834
245 _aGerm-line gene editing: what are the social and moral risks?
260 _c2016
300 _app. 123-130
310 _abimestrale
500 _abioetica, genetica
650 _abioetica
_956169
654 _aarticolo
942 _2ddc
_cCR